000 00569nam a2200181Ia 4500
008 140321s9999 xx 000 0 und d
020 _a9780871226
050 _aRC 454
_b.Z84 2011
100 _aZulueta, Francisco M.
245 _aAbnormal psychology /
_cFrancisco M. Zulueta and Leila L. fernandez-Distajo.
260 _aMandaluyong City :
_bNational Book Store,
_cc2011.
300 _a338 p. :
_bill. ;
_c23 cm.
500 _aIncludes bibliographical references.
521 _aPSYCH
650 _aPsychology, Pathological.
942 _kLOC
_cBK
999 _c48333
_d48333